Die Technik des Welthandels ein Handbuch der internationalen Handelskunde

Saved in:
Bibliographic Details
Format: Book
Language:German
Published: Wien Alfred Hölder 1900
Tags: Add Tag
No Tags, Be the first to tag this record!

MARC

LEADER 00000nam a2200000 4500
001 0307122
005 20250218131317.6
041 0 |a ger 
044 |a AT 
245 1 0 |a Die Technik des Welthandels  |b ein Handbuch der internationalen Handelskunde  |c Rudolf Sonndorfer 
264 1 |a Wien  |b Alfred Hölder  |c 1900